000 00845nas a2200253 i 4500
001 2222
003 ES-MaACL
005 20250217134554.0
007 t|
008 950801c1941 xxumr p | 1 |spa d
022 _a0037-1246
080 _a(051)
245 0 0 _aSelecciones del Reader's Digest /
_c[dir., Eduardo Cárdenas].
260 _aPleasantville, New York :
_bThe Reader's Digest Association,
_c[1941]-
300 _a24 v. :
_bil. ;
_c19 cm.
310 _aMensual
362 0 _aT. I [1941]-t. 2, n. 12 (nov. 1941)
500 _aPublicada hasta feb. 1945 en Pleasentville, desde marzo 1945 a 1952 en La Habana, y desde 1953 en Madrid.
650 4 _aRevistas de información general.
_916896
700 1 _aCárdenas, Eduardo.
_935136
852 4 _aES-MaACL
_jHem-863
866 0 _o(1948-1949) 1950-1960.
999 _c2222
_d2222